000 00990nam a2200229Ia 4500
003 OSt
005 20260305135923.0
008 210716s2014 xx 000 0 und d
020 _a9780070996038
040 _cAIMIT LIBRARY
041 _aeng
082 _a428.1
_21
_bTAYG
100 _aTaylor, Grant.
_9257815
245 _aEnglish conversation practice /
_cBy Grant Taylor.
250 _a1st ed.
260 _aNew Delhi :
_bTata McGraw Hill Publishing Company Ltd ,
_c20141
300 _avi,301p. ;
_bPB
_c22.1 cm
650 _aSituational coversations
_9257816
650 _aStructural conversation
_9257817
650 _aCalendar time
_9257818
942 _2ddc
_cBK
_e1st
_k428.1 TAYG TAYG
999 _c194064
_d194064